CDM 2007 (Record no. 78514)

MARC details
000 -LEADER
fixed length control field 00698cab a22001935a 4500
001 - CONTROL NUMBER
control field L136976
008 - FIXED-LENGTH DATA ELEMENTS--GENERAL INFORMATION
fixed length control field 070307e2007 xxk 000 0 eng d
035 ## - SYSTEM CONTROL NUMBER
System control number (Sirsi) u136976
041 ## - LANGUAGE CODE
Language code of text/sound track or separate title eng
100 1# - MAIN ENTRY--PERSONAL NAME
Personal name Dye, Patrick
245 00 - TITLE STATEMENT
Title CDM 2007
Remainder of title an FM's perspective
260 ## - PUBLICATION, DISTRIBUTION, ETC.
Date of publication, distribution, etc. 2007
490 #0 - SERIES STATEMENT
Series statement Workplacelaw
Volume/sequential designation (25) March 2007, 14-17(4)
520 ## - SUMMARY, ETC.
Summary, etc. Discusses the need for designers to consider the ultimate life of a building, and the effects such practices could have on facilities management. Discusses the impact facilities management can have in ensuring a project?s success.
590 ## - LOCAL NOTE (RLIN)
Local note KA
651 #4 - SUBJECT ADDED ENTRY--GEOGRAPHIC NAME
Geographic name United Kingdom
Chronological subdivision
690 ## - LOCAL SUBJECT ADDED ENTRY--TOPICAL TERM (OCLC, RLIN)
Topical term or geographic name as entry element MANAGEMENT-FACILITIES MANAGEMENT
942 ## - ADDED ENTRY ELEMENTS (KOHA)
Suppress in OPAC 0
Holdings
Withdrawn status Lost status Source of classification or shelving scheme Damaged status Not for loan Home library Current library Shelving location Date acquired Total Checkouts Full call number Barcode Date last seen Copy number Price effective from Koha item type
    Dewey Decimal Classification     London London Journal article 07/03/2007   L136976 136976-1001 06/08/2019 1 06/08/2019 Journal article